00628nam a2200193Ia 4500952013700000999001700137003000400154005001700158008004100175020001500216040000900231082001500240100002200255245005000277260004300327300000900370650001900379942003600398 00102ddc40708PUBLIC FINANCEaMESbMEScECO d2019-02-20g190.00l0o336 GUP/Pp27340r2019-02-20 00:00:00w2019-02-20yBKzGL6R5 c10722d10722OSt20191223153116.0190216s9999||||xx |||||||||||||| ||und|| a8126109912 coclc a336bGUP/P aGupta, Alka 9705 0aPublic Finance And Tax Planning /cAlka Gupta bAnmol Publications,c2001.aNew Delhi: a459p aPublic Finance cBK2ddch336iGUP/Pk336mGUP/P